000 00300nam a22001337a 4500
008 210302b ||||| |||| 00| 0 eng d
020 _a9780077862466
041 _aeng
080 _26th
_a32
100 _a21
101 _aSHH
245 _aEssentials of Negotiation
_cLewicki,J.R
942 _2udc
_cBK
999 _c55516
_d55516